| 000 | 00452cam a2200181ua 4500 | ||
|---|---|---|---|
| 020 | _c18.00 | ||
| 041 |
_aeng _h |
||
| 082 |
_a371.4 _bSRI/GU |
||
| 100 | _aSrinivas, Bhattacharya . | ||
| 245 |
_aGuidance in education / _cSrinivas Bhattacharya. _hTextual Documents |
||
| 250 |
_a1 / _b. |
||
| 260 |
_aMumbai : _bAsia Publishing House , _c1963. |
||
| 300 | _a229 ; . | ||
| 365 | _a18.00 | ||
| 504 | _a | ||
| 942 | _cBK | ||
| 999 |
_c8561 _d8561 |
||